[Event "ESTCC 50 2019"]
[Site "Mali Losinj"]
[Date "2019.09.22"]
[Round "5.3"]
[White "Yakovich, Yuri"]
[Black "Kainz, Josef"]
[Result "1-0"]
[WhiteElo "2518"]
[BlackElo "1922"]
[Annotator "TA"]
[PlyCount "23"]
[EventDate "2019.09.18"]
[EventType "team-tourn"]
[EventCountry "CRO"]
[SourceTitle "playchess.com"]
[Source "ChessBase"]
[SourceQuality "1"]
[WhiteTeam "Russia"]
[BlackTeam "Austria"]
[WhiteTeamCountry "RUS"]
[BlackTeamCountry "AUT"]

{[%evp 19,23,55,58,55,369,375]} 1. Nf3 Nf6 2. c4 g6 3. Nc3 c5 4. d4 Bg7 5. e4 cxd4 6. Nxd4 d6 7. Be2 Nc6 8. Be3 Bd7 9. O-O O-O 10. Qd2 Ng4 11. Bxg4 {B38: Sicilian: Maroczy Bind with 5...Bg7 and 7...0-0} Nxd4 $146 {[%mdl 8192] [#]} (11... Bxg4 $14 12. f3 Be6) ({Predecessor:} 11... Bxg4 12. Nd5 Qd7 13. f3 Be6 14. Nxe6 fxe6 15. Nf4 Bh6 16. Rfd1 Rac8 17. c5 b6 18. cxb6 axb6 {½-½ (47) Kotanjian,T (2467)-Savchenko,B (2618) Subic Bay 2016}) 12. Bxd7 ({Not} 12. Bxd4 Bxg4 13. f3 (13. Bxg7 Kxg7 14. b3 Qa5 $14) 13... Be6 $14) 1-0

[Event "ESTCC 50 2019"]
[Site "Mali Losinj"]
[Date "2019.09.22"]
[Round "5.4"]
[White "Detter, Peter"]
[Black "Ibragimov, Ildar"]
[Result "0-1"]
[WhiteElo "1982"]
[BlackElo "2537"]
[Annotator "TA"]
[PlyCount "50"]
[EventDate "2019.09.18"]
[EventType "team-tourn"]
[EventCountry "CRO"]
[SourceTitle "playchess.com"]
[Source "ChessBase"]
[SourceQuality "1"]
[WhiteTeam "Austria"]
[BlackTeam "Russia"]
[WhiteTeamCountry "AUT"]
[BlackTeamCountry "RUS"]

{[%evp 18,50,48,58,72,28,26,0,86,95,82,-63,-21,-137,-130,-117,-100,-232,-216,-231,-227,-208,-215,-223,-127,-198,-153,-222,-173,-175,-175,-178,-181,-171,-185]} 1. d4 Nf6 2. c4 g6 3. Nc3 Bg7 4. e4 O-O 5. Nf3 d6 6. Be2 Na6 7. O-O Qe8 8. h3 e5 9. dxe5 dxe5 10. Be3 c6 {E94: King's Indian: Classical: 6 Be2 e5 7 0-0: Various Black 7th moves} 11. Qa4 $146 ({Predecessor:} 11. a3 Nh5 12. Re1 Qe7 13. Bf1 Nc5 14. Qc2 Ne6 15. Rad1 f5 16. exf5 gxf5 17. c5 Kh8 18. b4 {1-0 (78) Melkumyan,H (2654)-Chigaev,M (2526) Minsk 2015}) 11... Nh5 12. Rfd1 f5 (12... Qe7 $11) 13. exf5 $16 gxf5 {[#]} 14. Bg5 ({Only move:} 14. c5 $1 $16) 14... Qg6 {aiming for ...e4.} 15. h4 {[#]} (15. Be7 $1 $11 Re8 16. Nh4) 15... h6 $1 $17 {[%cal Rh6g5]} 16. Be7 Re8 17. Rd8 (17. Bd6 $17 {keeps fighting.}) 17... Rxd8 $19 18. Bxd8 Nf4 {[%csl Gf4][%cal Rg6g2]} 19. Ne1 e4 20. Qd1 Be6 ({Black should play} 20... Be5 $19 21. h5 Qg7) 21. h5 (21. Qd6 $17) 21... Qf7 {Threatens to win with ...Bxc3.Black is clearly better.} 22. Bh4 (22. Qd6 $17 {was necessary.}) 22... Bxc4 23. Bxc4 Qxc4 24. Qd6 Nxh5 ({Weaker is} 24... Bxc3 25. bxc3 Ne2+ 26. Kh1 $11) 25. Rd1 Qf7 {Accuracy: White = 21%, Black = 47%.} 0-1

[Event "ESTCC 50 2019"]
[Site "Mali Losinj"]
[Date "2019.09.22"]
[Round "5.5"]
[White "Mikhalchishin, Adrian"]
[Black "Kozul, Zdenko"]
[Result "1/2-1/2"]
[WhiteElo "2465"]
[BlackElo "2569"]
[Annotator "ChessBase"]
[PlyCount "49"]
[EventDate "2019.09.18"]
[EventType "team-tourn"]
[EventCountry "CRO"]
[SourceTitle "playchess.com"]
[Source "ChessBase"]
[SourceQuality "1"]
[WhiteTeam "Slovenia"]
[BlackTeam "Croatia"]
[WhiteTeamCountry "SLO"]
[BlackTeamCountry "CRO"]
[TimeControl "40/5400+30:1800+30"]

1. e4 {[%emt 0:00:30]} c5 {[%emt 0:00:30]} 2. Nf3 {[%emt 0:00:00]} Nc6 {[%emt 0:01:30]} 3. d4 {[%emt 0:01:00]} cxd4 {[%emt 0:00:30]} 4. Nxd4 {[%emt 0:00:00]} Nf6 {[%emt 0:00:30]} 5. Nc3 {[%emt 0:00:00]} d6 {[%emt 0:00:30]} 6. Bc4 {[%emt 0:00:30]} Qb6 {[%emt 0:01:30]} 7. Nxc6 {[%emt 0:00:30]} bxc6 {[%emt 0:00:30]} 8. O-O {[%emt 0:00:30]} g6 {[%emt 0:02:30]} 9. Qe1 {[%emt 0:02:30]} Qc7 {[%emt 0:02:30]} 10. Bf4 {[%emt 0:05:30]} Nd7 {[%emt 0:07:30]} 11. Qd2 {[%emt 0:01:30]} Bg7 {[%emt 0:00:30]} 12. Bh6 {[%emt 0:01:30]} O-O {[%emt 0:00:30]} 13. Bxg7 {[%emt 0:02:30]} Kxg7 {[%emt 0:00:30]} 14. Rad1 {[%emt 0:00:30]} Rb8 {[%emt 0:07:30]} 15. b3 {[%emt 0:00:30]} Nf6 {[%emt 0:03:30]} 16. h3 {[%emt 0:03:30]} Bb7 {[%emt 0:18:30]} 17. Qe3 {[%emt 0:05:30]} Rfd8 {[%emt 0:08:30]} 18. Qxa7 {[%emt 0:16:30]} Ra8 {[%emt 0:01:30]} 19. Qe3 {[%emt 0:01:30]} d5 {[%emt 0:00:00]} 20. exd5 {[%emt 0:09:30]} cxd5 {[%emt 0:01:00]} 21. Nb5 {[%emt 0:00:30]} Qc6 {[%emt 0:19:30]} 22. Nd4 {[%emt 0:02:30]} Qc7 {[%emt 0:00:30]} 23. Nb5 {[%emt 0:03:30]} Qc6 {[%emt 0:00:30]} 24. Nd4 {[%emt 0:00:30]} Qc7 {[%emt 0:00:30]} 25. Nb5 {[%emt 0:10:30]} 1/2-1/2

[Event "ESTCC 50 2019"]
[Site "Mali Losinj"]
[Date "2019.09.22"]
[Round "5.6"]
[White "Zelcic, Robert"]
[Black "Mohr, Georg"]
[Result "1-0"]
[WhiteElo "2503"]
[BlackElo "2445"]
[Annotator "TA"]
[PlyCount "79"]
[EventDate "2019.09.18"]
[EventType "team-tourn"]
[EventCountry "CRO"]
[SourceTitle "playchess.com"]
[Source "ChessBase"]
[SourceQuality "1"]
[WhiteTeam "Croatia"]
[BlackTeam "Slovenia"]
[WhiteTeamCountry "CRO"]
[BlackTeamCountry "SLO"]

{[%evp 13,79,53,53,62,64,32,47,46,50,47,51,8,14,15,16,19,31,24,27,3,32,26,37,39,53,6,16,14,17,22,28,3,27,0,45,10,188,200,177,189,231,220,204,209,274,282,479,460,526,522,603,594,631,462,449,465,619,365,748,670,666,652,1225,709,696,682,889,887]} 1. e4 e6 2. d4 d5 3. Nc3 dxe4 4. Nxe4 Bd7 5. Nf3 Bc6 6. Bd3 Nd7 7. c3 Ngf6 8. Nxf6+ {C10: French with 3 Nc3: Unusual Black 3rd moves and 3...dxe4} Nxf6 9. Bf4 (9. O-O Bxf3 10. Qxf3 Qd5 11. Qxd5 Nxd5 12. Re1 O-O-O 13. Be4 c6 14. Bd2 h5 15. h4 g6 16. g3 Bh6 17. Bxh6 Rxh6 {½-½ (26) Wang,H (2735)-Rapport,R (2736) Hengshui 2019}) 9... Bxf3 10. Qxf3 {White is slightly better.} c6 11. O-O Bd6 12. Be5 Bxe5 13. dxe5 Nd7 14. Qg3 {[#]} O-O $146 ({Predecessor:} 14... Qc7 15. Rfe1 g6 {½-½ (49) Mihok,O (2550)-Medvegy,Z (2539) Ajka 2019}) 15. Rad1 g6 16. Bc2 Qc7 17. Rd6 Rfd8 18. Rfd1 {[#] aiming for Qh4.} Nf8 19. Qe3 Rxd6 20. Rxd6 Qb6 21. Qxb6 axb6 $11 {[%mdl 4096] Endgame KRB-KRN} 22. a4 g5 23. Kf1 Ra5 24. Rd8 Rxe5 $2 (24... Kg7 $11 {and Black is okay.}) 25. Rb8 $18 Rd5 26. Rxb7 Nd7 27. Be4 Rd6 {[#] next ...Nc5 is good for Black.} 28. Bxc6 $1 {[%mdl 512]} Ne5 (28... Rxc6 29. Rxd7) 29. Bb5 Rd2 $2 (29... Kg7 30. b4 Kf6) 30. b4 Rc2 31. Rxb6 Ng4 32. Ke1 Nxf2 33. Be2 Ne4 34. Bd3 Rc1+ 35. Ke2 Nxc3+ $2 (35... Nf6 36. c4 Rg1) 36. Kd2 {White is clearly winning.} Na2 37. a5 Rg1 38. Be4 Ra1 39. b5 Nb4 40. Kc3 {Accuracy: White = 58%, Black = 33%.} 1-0

[Event "ESTCC 50 2019"]
[Site "Mali Losinj"]
[Date "2019.09.22"]
[Round "5.7"]
[White "Mencinger, Vojko"]
[Black "Kurajica, Bojan"]
[Result "0-1"]
[WhiteElo "2332"]
[BlackElo "2493"]
[Annotator "ChessBase"]
[PlyCount "92"]
[EventDate "2019.09.18"]
[EventType "team-tourn"]
[EventCountry "CRO"]
[SourceTitle "playchess.com"]
[Source "ChessBase"]
[SourceQuality "1"]
[WhiteTeam "Slovenia"]
[BlackTeam "Croatia"]
[WhiteTeamCountry "SLO"]
[BlackTeamCountry "CRO"]
[TimeControl "40/5400+30:1800+30"]

1. e4 {[%emt 0:01:30]} c5 {[%emt 0:00:30]} 2. c3 {[%emt 0:00:30]} d5 {[%emt 0:00:30]} 3. exd5 {[%emt 0:00:30]} Qxd5 {[%emt 0:00:00]} 4. d4 {[%emt 0:00:00]} g6 {[%emt 0:00:00]} 5. Nf3 {[%emt 0:01:00]} Bg7 {[%emt 0:00:30]} 6. Na3 {[%emt 0:02:30]} cxd4 {[%emt 0:04:30]} 7. Bc4 {[%emt 0:01:30]} Qe4+ {[%emt 0:03:30]} 8. Be3 {[%emt 0:02:30]} Nh6 {[%emt 0:00:30]} 9. cxd4 {[%emt 0:01:30]} O-O {[%emt 0:00:30]} 10. O-O {[%emt 0:01:30]} Bg4 {[%emt 0:03:30]} 11. Ng5 {[%emt 0:05:30]} Qxe3 {[%emt 0:02:30]} 12. fxe3 {[%emt 0:00:30]} Bxd1 {[%emt 0:00:00]} 13. Raxd1 {[%emt 0:00:30]} Nc6 {[%emt 0:00:00]} 14. Nc2 {[%emt 0:05:30]} Rac8 {[%emt 0:01:30]} 15. Bd3 {[%emt 0:04:30]} Rfd8 {[%emt 0:04:30]} 16. h3 {[%emt 0:04:30]} e5 {[%emt 0:03:30]} 17. dxe5 {[%emt 0:02:30]} Bxe5 {[%emt 0:18:30]} 18. b3 {[%emt 0:02:30]} Kg7 {[%emt 0:05:30]} 19. Be4 {[%emt 0:04:30]} Bf6 {[%emt 0:01:30]} 20. Nf3 {[%emt 0:00:30]} Re8 {[%emt 0:01:30]} 21. Bd3 {[%emt 0:01:30]} Ne5 {[%emt 0:01:30]} 22. Nxe5 {[%emt 0:04:30]} Rxe5 {[%emt 0:02:30]} 23. Rf2 {[%emt 0:10:30]} Rc3 {[%emt 0:02:30]} 24. g4 {[%emt 0:09:30]} Bg5 {[%emt 0:07:30]} 25. Rf3 {[%emt 0:07:30]} Ra5 {[%emt 0:08:30]} 26. Be4 {[%emt 0:08:51]} Rxa2 {[%emt 0:02:30]} 27. Rd7 {[%emt 0:00:20]} Rcxc2 {[%emt 0:00:30]} 28. Bxc2 {[%emt 0:00:05]} Rxc2 {[%emt 0:00:30]} 29. Rxb7 {[%emt 0:00:05]} Ra2 {[%emt 0:01:30]} 30. Rb5 {[%emt 0:01:54]} Bd8 {[%emt 0:03:30]} 31. Rb7 {[%emt 0:01:14]} Bb6 {[%emt 0:03:20]} 32. Kf1 {[%emt 0:00:06]} g5 {[%emt 0:00:38]} 33. Rd7 {[%emt 0:00:44]} Bc5 {[%emt 0:03:38]} 34. h4 {[%emt 0:07:29]} gxh4 {[%emt 0:02:46]} 35. b4 {[%emt 0:00:01]} Bxb4 {[%emt 0:03:57]} 36. g5 {[%emt 0:00:08]} Ng4 {[%emt 0:00:29]} 37. Rfxf7+ {[%emt 0:00:12]} Kg6 {[%emt 0:01:17]} 38. Rg7+ {[%emt 0:00:23]} Kf5 {[%emt 0:00:08]} 39. Rdf7+ {[%emt 0:01:20]} Ke6 {[%emt 0:03:39]} 40. Rxh7 {[%emt 0:01:34]} Nxe3+ {[%emt 0:02:10]} 41. Kg1 {[%emt 0:30:06]} Bc5 {[%emt 0:32:08]} 42. Rf6+ {[%emt 0:03:35]} Kd5 {[%emt 0:02:05]} 43. Rff7 {[%emt 0:00:00]} h3 {[%emt 0:00:00]} 44. Rd7+ {[%emt 0:00:00]} Ke6 {[%emt 0:00:00]} 45. g6 {[%emt 0:00:00]} Rg2+ {[%emt 0:00:00]} 46. Kh1 {[%emt 0:00:00]} Ng4 {[%emt 0:00:00]} 0-1

[Event "ESTCC 50 2019"]
[Site "Mali Losinj"]
[Date "2019.09.22"]
[Round "5.8"]
[White "Fercec, Nenad"]
[Black "Plesec, Damjan"]
[Result "1-0"]
[WhiteElo "2439"]
[BlackElo "2216"]
[Annotator "NA"]
[PlyCount "61"]
[EventDate "2019.09.18"]
[EventType "team-tourn"]
[EventCountry "CRO"]
[SourceTitle "playchess.com"]
[Source "ChessBase"]
[SourceQuality "1"]
[WhiteTeam "Croatia"]
[BlackTeam "Slovenia"]
[WhiteTeamCountry "CRO"]
[BlackTeamCountry "SLO"]
[TimeControl "40/5400+30:1800+30"]

1. e4 {[%emt 0:00:30]} e6 {[%emt 0:00:30]} 2. d4 {[%emt 0:00:30]} d5 {[%emt 0:00:30]} 3. Nd2 {[%emt 0:00:00]} dxe4 {[%emt 0:01:30]} 4. Nxe4 {[%emt 0:01:00]} Bd7 {[%emt 0:01:30]} 5. Nf3 {[%emt 0:00:30]} Bc6 {[%emt 0:00:00]} 6. Neg5 {[%emt 0:00:00]} Nd7 {[%emt 0:03:00]} 7. Bc4 {[%emt 0:04:00]} h6 {[%emt 0:17:30]} 8. Nxf7 {[%emt 0:00:00]} Kxf7 {[%emt 0:00:30]} 9. d5 {[%emt 0:00:00]} exd5 {[%emt 0:02:30]} 10. Bxd5+ {[%emt 0:00:30]} Ke8 {[%emt 0:02:30]} 11. O-O {[%emt 0:00:00]} Qf6 {[%emt 0:07:30]} 12. Re1+ {[%emt 0:01:00]} Be7 {[%emt 0:02:30]} 13. Bxc6 {[%emt 0:01:30]} bxc6 {[%emt 0:02:30]} 14. c3 {[%emt 0:00:30]} Rd8 {[%emt 0:17:30]} 15. Nd4 {[%emt 0:15:30]} Nb6 {[%emt 0:03:30]} 16. Qe2 {[%emt 0:03:30]} Rxd4 {[%emt 0:01:30]} 17. cxd4 {[%emt 0:00:30]} g6 {[%emt 0:07:30]} 18. Bd2 {[%emt 0:00:30]} Kd7 {[%emt 0:01:30]} 19. Rac1 {[%emt 0:01:30]} Nd5 {[%emt 0:02:30]} 20. b4 {[%emt 0:01:30]} Bd8 {[%emt 0:09:32]} 21. b5 {[%emt 0:28:30]} cxb5 {[%emt 0:01:55]} 22. Qxb5+ {[%emt 0:01:30]} c6 {[%emt 0:00:21]} 23. Qb7+ {[%emt 0:00:30]} Bc7 {[%emt 0:00:31]} 24. Ba5 {[%emt 0:00:30]} Qd6 {[%emt 0:00:53]} 25. Bxc7 {[%emt 0:00:00]} Qxc7 {[%emt 0:06:23]} 26. Qa8 {[%emt 0:00:00]} Qc8 {[%emt 0:01:05]} 27. Qxa7+ {[%emt 0:00:30]} Qc7 {[%emt 0:00:24]} 28. Qa8 {[%emt 0:00:00]} Qc8 {[%emt 0:00:08]} 29. Qxc8+ {[%emt 0:00:00]} Kxc8 {[%emt 0:00:05]} 30. Re8+ {[%emt 0:03:30]} Kd7 {[%emt 0:00:11]} 31. Rb8 {[%emt 0:00:00]} 1-0

[Event "ESTCC 50 2019"]
[Site "Mali Losinj"]
[Date "2019.09.22"]
[Round "5.9"]
[White "Druckenthaner, Andreas"]
[Black "Priehoda, Vitezslav"]
[Result "1/2-1/2"]
[WhiteElo "2283"]
[BlackElo "2352"]
[Annotator "TA"]
[PlyCount "108"]
[EventDate "2019.09.18"]
[EventType "team-tourn"]
[EventCountry "CRO"]
[SourceTitle "playchess.com"]
[Source "ChessBase"]
[SourceQuality "1"]
[WhiteTeam "Austria"]
[BlackTeam "Czech Republic"]
[WhiteTeamCountry "AUT"]
[BlackTeamCountry "CZE"]

{[%evp 9,108,-69,-59,-52,-53,-71,-43,-40,-7,-50,-66,-70,-31,-37,-34,-38,-31,-39,-32,-22,-17,-44,-24,-19,-15,-29,-8,-31,-29,-69,-63,-111,-45,-78,-45,-52,-45,-47,-47,-51,-47,-70,-57,-56,-52,-56,-44,-55,-38,-57,0,-39,-49,-95,-97,-127,-84,-94,0,0,0,0,0,0,0,0,0,-85,-66,-150,-49,-295,-318,-324,-318,-290,-8,-8,-8,-8,-8,-8,-8,-8,-8,-8,-8,-8,-8,-8,-8,-8,-8,-8,-8,-8,-8,-8,-8,-8,0]} 1. e4 e6 2. Nc3 d5 3. Qe2 (3. Nf3 d4 4. Ne2 c5 5. d3 Nc6 6. g3 Nf6 7. Bg2 Be7 8. O-O O-O 9. h3 b5 10. a4 bxa4 11. Rxa4 a5 12. b3 Ba6 13. Nd2 Bb5 {0-1 (35) Dubov,D (2709)-Tregubov,P (2588) Moscow 2018}) 3... d4 4. Nd1 e5 5. Qh5 $146 ({Predecessor:} 5. g3 c5 6. d3 Nc6 7. Bg2 Be6 8. Nf3 f6 9. a3 Bd6 10. Nd2 Qd7 {0-1 (40) Galas,B (2083)-Severino,S (2364) Bangkok 2017}) 5... Qe7 (5... Bd6 {feels hotter.} 6. Bc4 Qe7 7. Qe2 Nf6 8. Nf3 O-O) 6. Bc4 {C00: French: Unusual White 2nd moves} Nf6 7. Qe2 Nc6 8. Nf3 {Black is slightly better.} Be6 {next ...Bxc4 is good for Black.} (8... g6 {seems wilder.} 9. O-O Bg7 10. b3 Nh5 11. d3 O-O) 9. d3 Bxc4 10. dxc4 h6 11. b3 Qe6 12. O-O g5 13. Nb2 Bb4 14. Nd3 Bc3 15. Bb2 Bxb2 16. Nxb2 Nd7 17. Nd3 Ne7 {[%cal Bc6e7,Be7c8,Bc8d6][%mdl 32]} 18. Qd2 c5 19. g3 f6 20. Kg2 a5 (20... h5 $17) 21. h3 Qc6 22. Qe2 Nc8 23. Nd2 Nd6 24. Kh2 O-O-O 25. a3 f5 {[%cal Rf5e4]} 26. Rfe1 $1 Rde8 27. b4 b6 28. f3 f4 29. gxf4 exf4 (29... gxf4 $15 30. Rg1 Rhg8) 30. e5 Re6 31. bxa5 bxa5 32. Ne4 Nxe4 33. Qxe4 Qxe4 (33... Rhe8 $17 34. Qxc6+ Rxc6) 34. Rxe4 $11 Kc7 35. Rb1 Rhe8 {[%cal Rd7e5]} 36. Rb5 Nxe5 37. Rxc5+ {[%mdl 64] Double Attack} Nc6 38. Nf2 (38. Rxe6 $11 {keeps the balance.} Rxe6 39. h4) 38... Rxe4 $17 39. Nxe4 {[%mdl 4096] Endgame [#] KRN-KRN} (39. fxe4 $15 Re5 40. Rb5) 39... Rb8 (39... Re5 $1 $17 {And now ...Rxc5 would win.} 40. Rd5 Rxd5 41. cxd5 Ne5) 40. Rb5 $2 (40. h4 $1 $15) 40... Rxb5 $19 41. cxb5 {KN-KN} Ne5 42. Kg2 a4 $2 (42... Nc4 $19 43. a4 Kb6) 43. Nc5 $1 $11 {The position is equal.} Nc4 44. Nxa4 Nxa3 45. b6+ Kc6 46. b7 Kxb7 {Threatens to win with ...Kc6.} 47. c3 Nb5 48. cxd4 Nxd4 {[#] White should prevent ...Nf5.} 49. h4 $1 {[%mdl 512]} gxh4 50. Kh3 Nxf3 {Hoping for ...Ng5+.} 51. Nc5+ Kc6 (51... Kb6 $5 52. Nd3 $8 Ng5+ 53. Kxh4 Nh7 $11) 52. Nd3 Ng5+ 53. Kxh4 Ne6 {...Kd5 is the strong threat.} 54. Kg4 Kd5 {Accuracy: White = 55%, Black = 49%.} 1/2-1/2

[Event "ESTCC 50 2019"]
[Site "Mali Losinj"]
[Date "2019.09.22"]
[Round "5.10"]
[White "Vokac, Marek"]
[Black "Opl, Klaus"]
[Result "1-0"]
[WhiteElo "2332"]
[BlackElo "2207"]
[Annotator "TA"]
[PlyCount "49"]
[EventDate "2019.09.18"]
[EventType "team-tourn"]
[EventCountry "CRO"]
[SourceTitle "playchess.com"]
[Source "ChessBase"]
[SourceQuality "1"]
[WhiteTeam "Czech Republic"]
[BlackTeam "Austria"]
[WhiteTeamCountry "CZE"]
[BlackTeamCountry "AUT"]

{[%evp 21,49,43,49,48,56,56,63,56,246,247,236,244,249,241,253,269,259,244,347,357,381,383,368,368,458,442,437,429,583,608]} 1. Nf3 Nf6 2. c4 e6 3. g3 b6 4. Bg2 Bb7 5. O-O c5 ({Predecessor:} 5... Be7 6. Nc3 O-O 7. Re1 {1-0 (36) Yeke,S (2235)-Eminov,O (2254) Konya 2014}) 6. Nc3 Be7 7. Re1 O-O 8. e4 d6 9. d4 cxd4 10. Nxd4 Qc8 11. Be3 a6 12. Rc1 {A30: Symmetrical English: Double Fianchetto and Hedgehog} Nbd7 13. f4 Re8 $146 (13... Nc5 14. Bf2 g6 15. b4 Ncd7 16. b5 h5 17. Nc6 Bxc6 18. bxc6 Nc5 19. Bxc5 bxc5 {½-½ (41) Malakhov,V (2703)-Korobov,A (2674) Sochi 2016}) 14. Bf2 {Threatens to win with e5.White is slightly better.} Bf8 $2 {[#]} ({Don't go for} 14... Qxc4 $2 15. e5 $18) ({Black should try} 14... h6 $14) 15. e5 $1 $18 Bxg2 16. Kxg2 dxe5 17. fxe5 Qxc4 {and if ...Nd5 works, Black does fine.} 18. exf6 Nxf6 19. Qf3 Qb4 (19... Rac8 {is a better defense.} 20. a3 Qc7) 20. Nc6 Qd6 21. Red1 Qc7 22. Na4 Nd5 23. Rxd5 {[%mdl 64] [#] Remove Defender. White is clearly winning.} exd5 24. Nxb6 {[%mdl 64] Double Attack} Rad8 25. Nxd8 {Accuracy: White = 100%, Black = 32%.} 1-0

[Event "ESTCC 50 2019"]
[Site "Mali Losinj"]
[Date "2019.09.22"]
[Round "5.11"]
[White "Watzka, Horst"]
[Black "Konopka, Michal"]
[Result "0-1"]
[WhiteElo "2187"]
[BlackElo "2351"]
[Annotator "TA"]
[PlyCount "122"]
[EventDate "2019.09.18"]
[EventType "team-tourn"]
[EventCountry "CRO"]
[SourceTitle "playchess.com"]
[Source "ChessBase"]
[SourceQuality "1"]
[WhiteTeam "Austria"]
[BlackTeam "Czech Republic"]
[WhiteTeamCountry "AUT"]
[BlackTeamCountry "CZE"]

{[%evp 17,122,32,34,32,39,21,23,7,27,0,0,0,4,4,3,-4,0,0,4,9,23,20,34,20,31,26,44,22,29,15,22,18,12,0,27,0,0,-4,5,0,41,24,23,-45,0,0,0,0,0,-16,208,-20,-42,-48,0,0,0,0,3,0,0,0,0,0,0,0,0,0,0,0,0,0,0,-22,0,0,0,-198,-183,-181,-191,-130,-124,-131,-151,-151,-149,-366,-366,-565,-470,-340,-224,-305,-305,-305,-74,-305,-305,-305,-74,-99,-175,-1181,-1058,-1042,-1025]} 1. e4 Nf6 2. e5 Nd5 3. d4 d6 4. c4 Nb6 5. exd6 cxd6 6. Nc3 g6 7. Be3 Bg7 8. Rc1 O-O 9. b3 Bf5 10. Nf3 {B03: Alekhine's Defence: Four Pawns Attack} (10. Be2 d5 11. c5 Nc8 12. Bf3 e6 13. g4 Be4 14. Nxe4 dxe4 15. Bxe4 Nc6 16. Ne2 N8e7 17. O-O Qd7 {1-0 (34) Corrales Jimenez,F (2559)-Zhao,J (2610) chess.com INT 2019}) 10... d5 11. c5 Nc8 $1 12. b4 $146 {White has an edge.} ({Predecessor:} 12. Be2 Nc6 13. O-O Bg4 14. b4 a6 15. Qb3 {½-½ (48) Dappiano,A (2277)-Favaloro,A (2367) Brixen Bressanone 2019}) 12... a6 13. Qb3 e6 14. Be2 Bg4 15. O-O Nc6 16. Rfd1 N8e7 17. Ne1 Bxe2 18. Nxe2 b5 19. a4 Qb8 20. Nc2 Qb7 21. Ra1 Na7 22. Nc3 Nec6 23. axb5 Nxb5 24. Nxb5 Qxb5 25. Qa4 Qb7 26. Rdb1 Rfb8 27. Ra2 h5 28. g3 e5 29. dxe5 Bxe5 30. Rd1 (30. Qb3 $11) 30... Rd8 31. Qb3 d4 32. Bg5 Re8 33. Qc4 Bxg3 $2 (33... Bg7 $11 {and Black has nothing to worry.}) 34. Nxd4 $2 (34. hxg3 $18 Ne5 35. c6) 34... Nxd4 $11 35. Qxd4 Be5 ({Black should play} 35... Bc7 $15) 36. Qc4 $1 Qf3 37. Rd3 Qf5 $132 {[%mdl 2048] Black is not holding back} 38. h4 Bc7 39. Kg2 Re4 40. Qd5 Rg4+ (40... Qg4+ $2 41. Rg3 $18) 41. Kf1 Qxd5 42. Rxd5 Rxb4 43. Rd7 Be5 44. Re2 f6 45. f4 fxg5 46. fxe5 {[%mdl 4096] Endgame Threatens to win with c6. KRR-KRR} Rf8+ (46... gxh4 $6 47. c6 $16) 47. Ke1 $2 (47. Kg1 $11 {and White is okay.}) 47... Rb1+ $19 (47... Rxh4 48. c6 $16) 48. Kd2 {Hoping for c6.} Rb2+ $1 (48... gxh4 49. c6 $11) 49. Ke3 (49. Ke1 $19 Rb1+ 50. Kd2) 49... Rxe2+ $17 50. Kxe2 {c6 is the strong threat. KR-KR} Rc8 (50... gxh4 $6 51. c6 $11) 51. Rd6 {[#]} Kf7 $1 ({Not} 51... Rxc5 52. Rxg6+ Kf7 53. Rxg5 $11) 52. c6 $2 (52. Ke3 $17) 52... gxh4 $19 53. Kf3 (53. Rd7+ $142 Ke6 54. Rd6+ Kf5 55. Rf6+ Kg5 56. Kf3) 53... g5 54. Rh6 a5 55. Rxh5 Rxc6 {aiming for ...Kg6.} 56. Rxg5 {[#]} Ke6 $2 (56... Rc3+ $1 $19 {is more deadly.} 57. Ke4 a4) 57. Rg4 $2 (57. Rg6+ $17 {was forced.} Kd5 {[%mdl 64] Discovered Attack} 58. Rg8) 57... Rc3+ ({Weaker is} 57... Kxe5 58. Rg5+ Kf6 59. Rxa5 $11) 58. Kf2 h3 $2 ({Stronger than} 58... Kxe5 59. Rg5+ Kf4 60. Rxa5 $11) (58... Rc2+ $19 {and Black stays clearly on top.} 59. Kg1 Rc1+ 60. Kg2 Ra1 61. Rxh4 Kxe5) 59. Ra4 $17 Rc5 60. Rh4 $2 (60. Kg3) 60... h2 $19 61. Kg2 Rxe5 {Accuracy: White = 34%, Black = 47%.} 0-1